Independencia de América (Record no. 114882)
[ view plain ]
| 000 -LEADER | |
|---|---|
| campo de control de longitud fija | 01288nam a2200301 i 4500 |
| 001 - NÚMERO DE CONTROL | |
| campo de control | 114882 |
| 003 - IDENTIFICADOR DE NÚMERO DE CONTROL | |
| campo de control | ES-MaACL |
| 005 - FECHA Y HORA DE LA ÚLTIMA TRANSACCIÓN | |
| campo de control | 20230906190256.0 |
| 007 - CAMPO FIJO DE DESCRIPCIÓN FÍSICA--INFORMACIÓN GENERAL | |
| campo de control de longitud fija | t| |
| 008 - DATOS DE LONGITUD FIJA--INFORMACIÓN GENERAL | |
| campo de control de longitud fija | 070206s1924 sp ||||1| spa d |
| 080 ## - NÚMERO DE LA CLASIFICACIÓN DECIMAL UNIVERSAL | |
| Número de la Clasificación Decimal Universal | 970/980 "15-192" |
| 080 ## - NÚMERO DE LA CLASIFICACIÓN DECIMAL UNIVERSAL | |
| Número de la Clasificación Decimal Universal | 017(468.112.1-2 Archivo General De Indias) |
| 080 ## - NÚMERO DE LA CLASIFICACIÓN DECIMAL UNIVERSAL | |
| Número de la Clasificación Decimal Universal | 98(=60)"1806 |
| 080 ## - NÚMERO DE LA CLASIFICACIÓN DECIMAL UNIVERSAL | |
| Número de la Clasificación Decimal Universal | 930.255(460.353 Sevilla) |
| 080 ## - NÚMERO DE LA CLASIFICACIÓN DECIMAL UNIVERSAL | |
| Número de la Clasificación Decimal Universal | 30"(093) |
| 100 1# - ENTRADA PRINCIPAL--NOMBRE DE PERSONA | |
| Nombre de persona | Torres Lanzas, Pedro. |
| 9 (RLIN) | 110975 |
| 245 10 - MENCIÓN DEL TÍTULO | |
| Título | Independencia de América |
| Resto del título | : fuentes para su estudio : colección de documentos conservados en el Archivo General de Indias de Sevilla / |
| Mención de responsabilidad, etc. | Pedro Torres Lanzas. |
| 260 ## - PUBLICACIÓN, DISTRIBUCIÓN, ETC. | |
| Lugar de publicación, distribución, etc. | Sevilla : |
| Nombre del editor, distribuidor, etc. | [s.n.], |
| Fecha de publicación, distribución, etc. | 1924 ( |
| Fabricante | Tip. Zarzuela) |
| 300 ## - DESCRIPCIÓN FÍSICA | |
| Extensión | 2 v. ; |
| Dimensiones | 24 cm. |
| 490 1# - MENCIÓN DE SERIE | |
| Mención de serie | Publicaciones del Centro Oficial de Estudios Americanistas de Sevilla . Biblioteca colonial americana ; |
| Designación de volumen o secuencia | v. 11 |
| 500 ## - NOTA GENERAL | |
| Nota general | Precede al Tít.: Archivo General de Indias. |
| 610 2# - PUNTO DE ACCESO ADICIONAL DE MATERIA--NOMBRE DE ENTIDAD CORPORATIVA | |
| Nombre de entidad corporativa o nombre de jurisdicción como elemento de entrada | Archivo General de Indias- |
| Subdivisión general | Catálogos. |
| 9 (RLIN) | 1431 |
| 651 #4 - PUNTO DE ACCESO ADICIONAL DE MATERIA--NOMBRE GEOGRÁFICO | |
| Nombre geográfico | América española- |
| Subdivisión general | Historia- |
| Subdivisión cronológica | 1806-1830, Guerras de la Independencia. |
| 9 (RLIN) | 7726 |
| 710 2# - ENTRADA AGREGADA--NOMBRE DE ENTIDAD CORPORATIVA | |
| Nombre de entidad corporativa o nombre de jurisdicción como elemento de entrada | Archivo General de Indias. |
| 9 (RLIN) | 149748 |
| 830 0# - PUNTO DE ACCESO ADICIONAL DE SERIE-TÍTULO UNIFORME | |
| Título uniforme | Publicaciones del Centro Oficial de Estudios Americanistas de Sevilla . Biblioteca colonial americana ; |
| Designación de volumen o secuencia | v. 11 |
| 9 (RLIN) | 185793 |
| 852 ## - LOCALIZACIÓN | |
| Ubicación | ES-MaACL |
| Número de control de estantería | E-4445 |
| Estatus retirado | Estado de pérdida | Estado de daño | No para préstamo | Biblioteca de origen | Biblioteca actual | Ubicación en estantería | Fecha de adquisición | Fuente de adquisición | Total de préstamos | Signatura topográfica completa | Código de barras | Visto por última vez | Precio de reemplazo | Tipo de ítem Koha |
|---|---|---|---|---|---|---|---|---|---|---|---|---|---|---|
| Biblioteca del Ateneo de Madrid | Biblioteca del Ateneo de Madrid | Depósito 2 | 17/01/2008 | E-4445 | 1119799 | 23/02/2023 | 23/02/2023 | Libro impreso |
